The internet of things: how smart TVs, smart cars, smart home, and smart cities are changing the world (Record no. 115399)
[ view plain ]
| 000 -LEADER | |
|---|---|
| fixed length control field | 00286 a2200097 4500 |
| 020 ## - INTERNATIONAL STANDARD BOOK NUMBER | |
| International Standard Book Number | 9789332552456 |
| 100 ## - MAIN ENTRY--PERSONAL NAME | |
| Personal name | Michael Miller |
| 245 ## - TITLE STATEMENT | |
| Title | The internet of things: how smart TVs, smart cars, smart home, and smart cities are changing the world |
| 260 ## - PUBLICATION, DISTRIBUTION, ETC. (IMPRINT) | |
| Name of publisher, distributor, etc | Pearson |
| Date of publication, distribution, etc | 2022 |
| 942 ## - ADDED ENTRY ELEMENTS (KOHA) | |
| Koha item type | On order/under processing |
| Withdrawn status | Lost status | Damaged status | Not for loan | Home library | Current library | Date acquired | Source of acquisition | Cost, normal purchase price | Total Checkouts | Barcode | Date last seen | Cost, replacement price | Price effective from | Koha item type |
|---|---|---|---|---|---|---|---|---|---|---|---|---|---|---|
| University Library | University Library | 04/03/2026 | 146 | 632.00 | 00097481 | 04/03/2026 | 790.00 | 04/03/2026 | On order/under processing |
